000 01101nam a2200325 a 4500
003 BLK
005 20250623113142.0
008 180410b bul|||||r ||||||| ||bul||
010 _aKNG00168990000
040 _aBLK
041 _aBUL
_cBUL
072 7 _2bullib
_aК
_xКраезнание
080 _aБългарска литература
_b821.163.2
_x-1
_z821.163.2-1
100 1 _aТрифонов, Трифон Цанев
_d1866-1926
_9313586
139 _aТрифонов, Трифон Цанев
_bТ 84
245 1 0 _aХимн на смъртта
_bЕпопея в 10 песни
_cТрифон Цанев Трифонов
257 _aBGR
260 _aРусе
_c1916
_fРусе : печ. Н. Мавродинов
300 _a16 с.
_bс ил.
_c25 см
380 _aX
659 _aК
852 _aЦб 73914
_bЦб
852 _aК 821.163.2/Т 84 Т
856 4 _qpdf
856 4 _qpdf
942 _cKNG
_n0
_s1
_02
944 _aCR
_c18.12.2014
_lВаля Йорданова
_k30558
944 _aED
_c18.12.2014
_l18.12.2014 - от С1,Р / 18.12.2014
999 _c161660
_d161660
999 _d161660